000
00305nam a2200109Ia 4500
005
20251222144639.0
008
251222s9999||||xx |||||||||||||| ||spa||
082
_a
337.15/C76R
245
0
_a
Las Relaciones Económicas y Comerciales entre América Latina y Asia-Pacífico:
264
_b
CEPAL
942
_c
LIB
999
_c
16615
_d
16615